000 00816nam a22002175i 4500
001 172745
003 ES-MaACL
005 20250831061526.0
008 090907s1931 sp |||| | spa d
110 1 _aEspaña
_93622
245 1 0 _aTratado de arbitraje firmado en Bogotá entre España y Colombia el 19 de julio de 1929.
260 _aMadrid :
_b[s.n.],
_c1931 (
_fImpr. del Ministerio de Estado)
300 _a5 p. ;
_c24 cm.
490 1 _aPublicaciones del Ministerio de Estado. Serie A: Acuerdos y Convenios Internacionales ;
_v2
500 _aLa cubierta sirve de portada.
650 1 4 _aArbitraje internacional.
_99934
710 1 _aEspaña.
_bMinisterio de Estado.
_93866
830 0 0 _aPublicaciones del Ministerio de Estado
_v2
_9189119
852 1 _aBA
_j2299-F-2
999 _c172745
_d172745